Construction safety, security, and loss prevention / (Record no. 6487)

MARC details
000 -LEADER
fixed length control field 00725nac a22002171u 4500
010 ## - LIBRARY OF CONGRESS CONTROL NUMBER
LC control number 84005077
020 ## - INTERNATIONAL STANDARD BOOK NUMBER
International Standard Book Number 0471868213 :
082 00 - DEWEY DECIMAL CLASSIFICATION NUMBER
Classification number 690.22
Item number FUL
090 ## - LOCALLY ASSIGNED LC-TYPE CALL NUMBER (OCLC); LOCAL CALL NUMBER (OCLC)
-- 6487
-- 6487
100 ## - MAIN ENTRY--PERSONAL NAME
Personal name Fullman, James B.
245 10 - TITLE STATEMENT
Title Construction safety, security, and loss prevention /
Statement of responsibility, etc James B. Fullman.
260 ## - PUBLICATION, DISTRIBUTION, ETC. (IMPRINT)
Place of publication, distribution, etc New York :
Name of publisher, distributor, etc Wiley,c1984.
Date of publication, distribution, etc c1984.
300 ## - PHYSICAL DESCRIPTION
Extent xiii, 286 p. :
Other physical details ill. ;
Dimensions 24 cm.
440 #0 -
-- Wiley series of practical construction guides
500 ## - GENERAL NOTE
General note "A Wiley-Interscience publication."
500 ## - GENERAL NOTE
General note Includes index.
500 ## - GENERAL NOTE
General note Distributer: Al-Ahram.
511 ## - PARTICIPANT OR PERFORMER NOTE
Participant or performer note Catalogued By: Mahitab.
650 #0 - SUBJECT ADDED ENTRY--TOPICAL TERM
Topical term or geographic name as entry element Building
General subdivision Safety measures.
942 ## - ADDED ENTRY ELEMENTS (KOHA)
Item type Book - Borrowing
Call number prefix 690.22FUL
Holdings
Withdrawn status Item status Damaged status Not for loan Home library Current library Shelving location Date acquired Source of acquisition Total Checkouts Full call number Barcode Date last seen Date last borrowed Koha item type
        Central Library Central Library First floor 25/11/2007 Purchase 1 690.22FUL 000007995 15/07/2025 24/10/2013 Book - Borrowing